| 000 | 01276nam a2200241Ia 4500 | ||
|---|---|---|---|
| 008 | 0000002009 pr ad 0000000000eng00 | ||
| 090 | _aPPR00 R13r | ||
| 245 | 1 | 0 |
_aRaimundo Figueroa _b: vital forces _c/ curator Valentine de Badereau ; photography Mercedes Segura |
| 300 |
_a[56] p. _c/ 20 cm. |
||
| 500 | _aExposición realizada en BAO Art Group, San Juan, diciembre, 2008 enero, 2009 \ Incluye cronología del artista \ Proyecto Ganador Programa Apoyos Concertados FGAA 2010 | ||
| 501 | _aThe infinite and infinite voids / Dominique Nahas | ||
| 505 | _aOBRAS : The way of emotion The way is all Haste and ambition can drive your heart insane Quietness is the master of restlessness Can you govern your soul animal, hold to the One and never depart from it? Vital forces Flor de Tortola Flowers | ||
| 600 | 0 | 0 |
_aFIGUEROA, RAYMUNDO, 1957/ _xTRABAJOS PICTORICOS |
| 650 | 1 | 4 | _aARTE CONTEMPORANEO PUERTORRIQUEÑO |
| 650 | 1 | 4 | _aARTISTAS PLASTICOS PUERTORRIQUEÑOS |
| 650 | 1 | 4 | _xCATALOGOS |
| 650 | 1 | 4 | _xEXPOSICIONES |
| 650 | 1 | 4 | _aPINTORES PUERTORRIQUEÑOS |
| 650 | 1 | 4 | _aPINTURA AL OLEO |
| 650 | 1 | 4 | _aPINTURA PUERTORRIQUEÑA |
| 700 | 1 | _aBadereau, Valentine de \ Segura, Mercedes | |
| 999 |
_c11268 _d11268 |
||
| 260 |
_aSan Juan (Puerto Rico) : Bao Art Group _c2009 |
||